Statistics for The How Many Quiz

Click here to take the quiz!

General Stats

  • This quiz has been taken 31,542 times
    (31,526 since last reset)
  • The average score is 19 of 32

Answer Stats

How Many... # % Correct
Cards in a deck (no jokers)52
92%
Degrees in a circle360
90%
In a dozen12
90%
Inches in a foot12
87%
Planets in the solar system8
86%
Ounces in a pound16
84%
In a baker's dozen13
81%
Letters in the alphabet26
75%
Inches in a yard36
75%
States in the U.S.50
74%
Members on a typical American jury12
74%
Cigarettes in a pack (typical)20
69%
Teeth in a human mouth (adult)32
69%
Digits in a credit card number16
66%
Compartments in a cow's stomach4
64%
Pieces on a chess board32
60%
Minutes in a day1440
60%
Provinces and territories in Canada13
54%
Pounds in a short ton2000
50%
In a score20
49%
Squares on a Monopoly board40
48%
Syllables in a haiku17
44%
Feet in a mile5280
44%
Zeroes in a googol100
42%
Amendments to the Constitution27
38%
Golf clubs allowed in a bag14
38%
Bones in a human body206
38%
Shillings in a pound20
33%
In a gross144
31%
Tablespoons in a cup16
27%
Games in a baseball season162
23%
Square meters in a hectare10000
19%

Score Distribution

Percentile by Number Answered

Percent of People with Each Score

Your Score History

You have not taken this quiz since the last reset